A Rota do mosaico Romano (Registo nº 825)

Detalhes MARC
000 -Etiqueta do registo
Cabeçalho 00601cam a2200229 4500
005 - Identificador da versão
Campo de controlo 20240822162600.0
010 ## - Número internacional normalizado dos livros (ISBN)
Número (ISBN) 9789899561618
021 ## - Número do Depósito Legal
Número 275710/08
035 ## - Other System Control Numbers
System Control Number 0000892
System Control Number 0000885
System Control Number 0000872
100 ## - Dados gerais de processamento
Dados gerais de processamento 20081010 m y0pory5003 ba
101 0# - Língua de publicação
Língua do texto, banda sonora, etc. Português
102 ## - Pais de publicação ou produção
País de publicação Portugal
200 1# - Titulo e menção de responsabilidade
Título próprio A Rota do mosaico Romano
Informação de outro título O Sul da Hispânia (Andaluzia e Algarve)
Primeira menção de responsabilidade J. Lancha
Outras menções de responsabilidade J.P. Bernardes
205 ## - Menção da edição
Menção da edição 1ª edição
210 ## - Publicação, Distribuição, etc. 
Lugar da edição, distribuição, etc. Faro
Nome do editor, distribuidor, etc. Departamento de História da Universidade do Algarve
Data da publicação, distribuição, etc. 2008
215 ## - Descrição física 
Indicação específica da natureza do documento e extensão da espécie 144
Outras indicações físicas il.
942 ## - Elementos de entrada adicionados (Koha)
Tipo de item no Koha Livro
966 ## - Identificação da Biblioteca
Sigla NUMETECA
Exemplares
Situação do levantamento Origin of item (home branch) (coded) Biblioteca de empréstimo Código de barras Cota Circulation type (not for loan) Tipo de documento Nota do exemplar Damaged status
  Biblioteca Escolar Eng. Nuno Mergulhão Biblioteca Escolar Eng. Nuno Mergulhão BENM1532 9POR CHA   Livro Sem mensagem